000 00573 a2200181 4500
999 _c403
_d403
020 _a9780340795077
050 _aBF721 BRE 2009
100 _aBrennand, Heather
_eauthor
245 _aAQA child development for GCSE /
_cHeather Brennand and Valerie Hall
264 _aOxon :
_bHodder Education,
_c2009
300 _aviii, 407p.
440 _aHome economics
500 _aIncludes bibliographical references and index
650 _aChild psychology
650 _aChild development
700 _aHall, Valerie
_eauthor
_qValerie Hall
942 _2lcc
_cBK
_e3rd ed.
_h721
_iBRE
_kBF